[Event "GBR-ch U1900 106th"]
[Site "Torquay"]
[Date "2019.08.02"]
[Round "5"]
[White "Ye, Kevin"]
[Black "Clegg, Robert"]
[Result "1-0"]
[WhiteElo "1716"]
[BlackElo "1819"]
[PlyCount "55"]
[EventDate "2019.07.29"]
[EventType "swiss"]
[EventRounds "7"]
[EventCountry "ENG"]
[SourceTitle "EXT 2025"]
[Source "ChessBase"]
[SourceDate "2024.10.14"]
[SourceVersion "1"]
[SourceVersionDate "2024.10.14"]
[SourceQuality "1"]

1. e4 e6 2. d4 d5 3. exd5 exd5 4. c4 Nf6 5. Nc3 Be7 6. Nf3 0-0 7. Bd3 dxc4 8. Bxc4 Nbd7 9. 0-0 Nb6 10. Bb3 Nbd5 11. Re1 Re8 12. Bg5 Be6 13. Qc1 c6 14. Bh4 Qb6 15. Nxd5 Nxd5 16. Bxd5 Bxh4 17. Bxe6 Bxf2+ 18. Kxf2 fxe6 19. Qc3 Rad8 20. Qb3 Qxb3 21. axb3 a6 22. Re5 Rd6 23. Ke3 h6 24. b4 Kf7 25. g4 g6 26. Rf1 Kg7 27. g5 h5 28. Nh4 1-0

[Event "BCF-ch U14"]
[Site "Llandudno"]
[Date "2017.08.02"]
[Round "4"]
[White "Ye, Kevin"]
[Black "Sanitt, Leo"]
[Result "0-1"]
[WhiteElo "1471"]
[BlackElo "1628"]
[PlyCount "88"]
[EventDate "2017.07.30"]
[EventType "swiss"]
[EventRounds "7"]
[EventCountry "WLS"]
[SourceTitle "CBM 179 Extra"]
[Source "ChessBase"]
[SourceDate "2017.08.23"]
[SourceVersion "1"]
[SourceVersionDate "2017.08.23"]
[SourceQuality "1"]

1. e4 d5 2. exd5 Nf6 3. c4 c6 4. d4 cxd5 5. Nc3 Nc6 6. h3 Bf5 7. Nf3 e6 8. cxd5 Nxd5 9. Qb3 Ndb4 10. Qa4 Nc2+ 11. Kd2 Nxa1 12. Bb5 Be7 13. Bxc6+ bxc6 14. Qxc6+ Kf8 15. g4 Bg6 16. h4 h5 17. gxh5 Rxh5 18. b3 Nc2 19. Rd1 Nxd4 20. Nxd4 Qxd4+ 21. Ke1 Qe5+ 22. Be3 Re8 23. Kf1 Rxh4 24. Rd7 Rh5 25. Bxa7 Bf5 26. Be3 Bh3+ 27. Ke1 Bb4 28. Rc7 Bxc3+ 29. Qxc3 Qxc3+ 30. Rxc3 Rd8 31. f3 Kg8 32. a4 Rhd5 33. Rc4 Bf5 34. b4 Rd3 35. Kf2 Ra3 36. b5 Ra2+ 37. Kg3 Rd3 38. Ba7 Raa3 39. b6 Rxf3+ 40. Kg2 Rfb3 41. Rc1 Rxa4 42. Kf2 Be4 43. Ke2 Ra2+ 44. Kd1 Rh3 0-1

[Event "BCF-ch U13"]
[Site "Bournemouth"]
[Date "2016.08.03"]
[Round "5"]
[White "Ye, Kevin"]
[Black "Gelain Sohn, Emmanuelle"]
[Result "1-0"]
[WhiteElo "1384"]
[BlackElo "1512"]
[PlyCount "91"]
[EventDate "2016.07.31"]
[EventType "swiss"]
[EventRounds "7"]
[EventCountry "ENG"]
[SourceTitle "CBM 173 Extra"]
[Source "ChessBase"]
[SourceDate "2016.08.29"]
[SourceVersion "1"]
[SourceVersionDate "2016.08.29"]
[SourceQuality "1"]

1. e4 c5 2. c3 d6 3. d4 cxd4 4. cxd4 Nf6 5. Nc3 g6 6. Nf3 Bg7 7. Bc4 0-0 8. 0-0 a6 9. Be3 b5 10. Bd3 Bb7 11. d5 Nbd7 12. b4 Ng4 13. Bd4 Nge5 14. Nxe5 Nxe5 15. Be2 Rc8 16. f4 Nc4 17. Bxg7 Kxg7 18. Qd4+ Kg8 19. a4 Qb6 20. Qxb6 Nxb6 21. Rf3 Nxa4 22. Nxa4 bxa4 23. Rxa4 Rc1+ 24. Kf2 Rb1 25. Rc3 Rc8 26. Rxc8+ Bxc8 27. g3 Rb2 28. Ke3 Rb1 29. Kf3 h5 30. Ke3 Kg7 31. e5 dxe5 32. fxe5 Bd7 33. Rxa6 Rxb4 34. Ra7 Rb3+ 35. Kd4 Rb2 36. Bxh5 Rxh2 37. Rxd7 Rxh5 38. Rxe7 Rh8 39. e6 Rf8 40. Rxf7+ Rxf7 41. exf7 Kxf7 42. Ke5 Ke7 43. g4 g5 44. Kf5 Kd6 45. Kxg5 Kxd5 46. Kf6 1-0

[Event "BCF-ch U13"]
[Site "Bournemouth"]
[Date "2016.07.31"]
[Round "2"]
[White "Ye, Kevin"]
[Black "Guha, Chirag"]
[Result "0-1"]
[WhiteElo "1384"]
[BlackElo "1739"]
[PlyCount "125"]
[EventDate "2016.07.31"]
[EventType "swiss"]
[EventRounds "7"]
[EventCountry "ENG"]
[SourceTitle "CBM 173 Extra"]
[Source "ChessBase"]
[SourceDate "2016.08.29"]
[SourceVersion "1"]
[SourceVersionDate "2016.08.29"]
[SourceQuality "1"]

1. e4 e5 2. Nf3 Nc6 3. Bc4 Nf6 4. Ng5 d5 5. exd5 Na5 6. Bb5+ c6 7. dxc6 bxc6 8. Be2 h6 9. Nf3 e4 10. Ne5 Bd6 11. Nc4 Nxc4 12. Bxc4 0-0 13. h3 Nd5 14. Nc3 Nf4 15. Rg1 Re8 16. Ne2 Qa5 17. Nxf4 Bxf4 18. Kf1 Ba6 19. Bxa6 Qxa6+ 20. Qe2 Qa5 21. g3 Bd6 22. Kg2 Qd5 23. Kh2 Bc5 24. Rf1 Qf5 25. Kg2 Rad8 26. b3 Bd4 27. Rb1 Bb6 28. a3 Qc5 29. c4 Qd6 30. b4 c5 31. b5 Qd3 32. Qxd3 Rxd3 33. Re1 Rd4 34. Rb3 Rxc4 35. Rbe3 Ba5 36. d3 Rc2 37. Rd1 f5 38. g4 g6 39. dxe4 f4 40. Rf3 g5 41. Rfd3 Rxe4 42. Bd2 c4 43. Rd6 c3 44. Bc1 Bb6 45. Kf3 Re7 46. Rf1 Ree2 47. a4 Rxf2+ 48. Rxf2 Rxf2+ 49. Ke4 Rc2 50. Ba3 Ra2 51. Bc1 Ra1 52. Rd1 c2 53. Re1 Be3 54. Kd3 Rxc1 55. Rxc1 Bxc1 56. Kxc2 f3 57. Kd3 f2 58. Ke2 Be3 59. a5 Bc5 60. Kf1 Kf7 61. Ke2 Ke6 62. Kf1 Ke5 63. Kg2 0-1

[Event "Gibraltar U12 op 5th"]
[Site "Gibraltar"]
[Date "2015.08.24"]
[Round "6"]
[White "Ye, Kevin"]
[Black "De Mendizabal Gijon, Raul"]
[Result "1/2-1/2"]
[WhiteElo "1634"]
[BlackElo "1393"]
[PlyCount "118"]
[EventDate "2015.08.21"]
[EventType "swiss"]
[EventRounds "6"]
[EventCountry "ENG"]
[SourceTitle "EXT 2025"]
[Source "ChessBase"]
[SourceDate "2024.10.14"]
[SourceVersion "1"]
[SourceVersionDate "2024.10.14"]
[SourceQuality "1"]

1. e4 c5 2. c3 Nc6 3. d4 cxd4 4. cxd4 Nf6 5. Nc3 d6 6. Nf3 g6 7. Bc4 Bg7 8. Be3 Qa5 9. 0-0 0-0 10. Bd2 Qb6 11. Na4 Qc7 12. Re1 Bg4 13. Rc1 a6 14. Bd5 Nd7 15. Be3 e6 16. Bb3 Qd8 17. d5 exd5 18. Bxd5 Rc8 19. Bxc6 Rxc6 20. Rxc6 bxc6 21. Qxd6 Qa5 22. Qd1 Ne5 23. Nc3 Nc4 24. Qc2 Nxb2 25. Qxb2 Bxc3 26. Bd2 Bxb2 27. Bxa5 Be6 28. Rb1 Bf6 29. Rb6 Bxa2 30. Rxc6 Bg7 31. Rxa6 Re8 32. Nd2 Bh6 33. Bc3 Bxd2 34. Bxd2 Bc4 35. Ra4 Bb3 36. Rb4 Ra8 37. Bc3 Rd8 38. f3 Be6 39. Kf2 Rc8 40. Bf6 h5 41. Kg3 Kh7 42. h4 Kg8 43. Kf4 Rc2 44. g4 hxg4 45. fxg4 Rc8 46. h5 Kh7 47. Kg5 Rc5+ 48. e5 gxh5 49. Rb8 Rc8 50. Rxc8 Bxc8 51. Kxh5 Be6 52. g5 Bd5 53. Kg4 Be6+ 54. Kf4 Bd5 55. Kf5 Be6+ 56. Ke4 Ba2 57. Kd4 Be6 58. Kc5 Ba2 59. Kd6 Be6 1/2-1/2

[Event "Gibraltar U12 op 5th"]
[Site "Gibraltar"]
[Date "2015.08.22"]
[Round "3"]
[White "Bains Gillespie, Jake"]
[Black "Ye, Kevin"]
[Result "1-0"]
[WhiteElo "1280"]
[BlackElo "1634"]
[PlyCount "111"]
[EventDate "2015.08.21"]
[EventType "swiss"]
[EventRounds "6"]
[EventCountry "ENG"]
[SourceTitle "EXT 2025"]
[Source "ChessBase"]
[SourceDate "2024.10.14"]
[SourceVersion "1"]
[SourceVersionDate "2024.10.14"]
[SourceQuality "1"]

1. e4 c5 2. Nf3 a6 3. c3 d5 4. exd5 Qxd5 5. d4 Nf6 6. Be3 cxd4 7. Qxd4 Nc6 8. Qxd5 Nxd5 9. Bd2 e6 10. Bc4 b5 11. Bxd5 exd5 12. h3 Be7 13. Be3 0-0 14. 0-0 Bb7 15. Nbd2 Na5 16. Rfe1 Rfe8 17. Rad1 Nc4 18. Nxc4 bxc4 19. Nd4 Bc5 20. Nf5 Bxe3 21. Nxe3 f6 22. Rd4 f5 23. Red1 g6 24. Nxd5 Bxd5 25. Rxd5 Re2 26. R1d2 Rae8 27. R5d4 Kf7 28. b3 cxb3 29. axb3 Rxd2 30. Rxd2 Re1+ 31. Kh2 Rb1 32. b4 Rc1 33. Rd7+ Ke6 34. Rxh7 Rxc3 35. Ra7 Rb3 36. Rxa6+ Kf7 37. Rb6 Kg7 38. b5 Kh7 39. Rb8 Kg7 40. b6 Kh7 41. f3 Kg7 42. Kg1 Kf7 43. Kf2 Kg7 44. Ke1 Kh7 45. Kd1 Kg7 46. Kc2 Rb5 47. Kc3 Kh7 48. Kc4 Rb1 49. Kd5 Rd1+ 50. Kc6 Rc1+ 51. Kb7 Rb1 52. Rc8 Rb5 53. Rc6 Ra5 54. Kc7 Ra8 55. b7 Ra7 56. Kb6 1-0